000 02296cam a22006014i 4500
003 PE-LiUPU
005 20250731170422.0
008 180611s2009 mx 0 r0 001 0 spa d
020 _a9789701069585
035 _a(Sirsi) a248845
040 _aPE-LiUPU
_bspa
_cPE-LiUPU
_erda
049 _aPRUA
082 0 4 _a158.1
_bK32
_220
100 1 _aKeats, Daphne M,
_eautor.
245 1 0 _aEntrevista :
_bguía práctica para estudiantes y profesionales /
_cDaphne M. Keats ; revisión técnica: Ana Lorena Ramírez.
264 1 _aMéxico :
_bMcGraw-Hill,
_c2009.
300 _a170 páginas ;
_c23 centímetros
336 _atext
_2rdacontent
337 _aunmediated
_2rdamedia
338 _avolume
_2rdacarrier
504 _aÍndice : páginas 164-170.
505 0 _aEntrevista: ¿Cuándo y por qué? -- tipos de entrevista -- la relación entrevistador - entrevistado -- construcción de las preguntas -- estructura de la entrevista -- interpretación de las respuestas -- entrevista en investigación -- la entrevista en escenarios organizacionales -- la entrevista con niños -- entrevista con adolescentes -- entrevista con adulto mayor -- entrevista a personas con alguna discapacidad -- entrevista transcultural -- algunos casos difíciles -- entrevista en situaciones de tensión emocional -- repaso general.
526 _aSEG68
526 _aSEG70
526 _aSEG69
526 _aSEG67
526 _aSEG43
526 _aP144
526 _aP143
526 _aP131
526 _aP122
526 _aP120
526 _aP117
526 _aP112
526 _aP110
526 _aP106
526 _aP101
526 _aP80
526 _aP59
526 _aP54
526 _aP35
526 _aP33
526 _aP30
541 _g002-00000083;
650 1 4 _aEntrevistas.
650 2 4 _aPsicología cognoscitiva.
700 1 _aRamírez, Ana Lorena,
_erevisión.
910 _adbm
_bksl
_cksl
_d20180611
942 _2ddc
_cBOOK
994 _aC0
_bPEPRU
596 _a1
999 _a158.1 K32
_wLC
_c28473
_i78247
_d28473
_f2021-11-3
_g4
_lCCODEBUL1
_mBUL
_p14.69
_q1
_r0
_sY
_tBOOK
_u2018-6-11
_xSALUD
_PP33
_0COMPRA
_1FCOMPRA
_o.STAFF. Colección Ciencias de la Salud
980 _81
_gALBERTO SANCHEZ Responsable de Automatización